Sinh hoạt lý luận

Guardado en:
Detalles Bibliográficos
Formato: Libro
Lenguaje:Undetermined
Publicado: Hà Nội Học Viện chính trị Quốc gia Hồ Chí Minh. Học viện Chính trị Khu vực III 2020
Materias:
Etiquetas: Agregar Etiqueta
Sin Etiquetas, Sea el primero en etiquetar este registro!
Thư viện lưu trữ: Trung tâm Học liệu Trường Đại học Cần Thơ
LEADER 00670nam a2200181Ia 4500
001 CTU_239578
008 210402s9999 xx 000 0 und d
020 |c 12000 
082 |a 324 
082 |b S312 
245 0 |a Sinh hoạt lý luận 
245 0 |c Học Viện chính trị Quốc gia Hồ Chí Minh. Học viện Chính trị Khu vực III 
260 |a Hà Nội 
260 |b Học Viện chính trị Quốc gia Hồ Chí Minh. Học viện Chính trị Khu vực III 
260 |c 2020 
650 |a Communist parties,Lý luận chính trị 
904 |i T.Trang 
980 |a Trung tâm Học liệu Trường Đại học Cần Thơ